000
00285nam a22001337a 4500
008
181031b xxu||||| |||| 00| 0 eng d
020
_a
0136659683
041
_a
eng
080
_a
541
100
_a
12
101
_a
KIM
245
_a
Physical Chemistry
_c
Moore.W.J
942
_2
udc
_c
BK
999
_c
51272
_d
51272